ՀՀ Գիտությունների ազգային ակադեմիայի հիմնարար գիտական գրադարան  =   Fundamental Scientific Library of NAS RA

Histoire naturelle des mammifères / (Record no. 536437)

MARC details
000 -LEADER
fixed length control field 00703nam a2200205 a 4500
001 - CONTROL NUMBER
control field 2029152
003 - CONTROL NUMBER IDENTIFIER
control field AM-YEHGA
005 - DATE AND TIME OF LATEST TRANSACTION
control field 20250918131043.0
008 - FIXED-LENGTH DATA ELEMENTS--GENERAL INFORMATION
fixed length control field 250826s1933 a|||fr|||||00||0|fre|d
040 ## - CATALOGING SOURCE
Original cataloging agency AM-YeHGA
041 0# - LANGUAGE CODE
Language code of text/sound track or separate title fre
245 00 - TITLE STATEMENT
Title Histoire naturelle des mammifères /
Remainder of title 30 Planches coloriées dáprès nature et accompagnées d'un texte explicatif en français.
260 ## - PUBLICATION, DISTRIBUTION, ETC.
Place of publication, distribution, etc. S. l. :
Name of publisher, distributor, etc. Esslingen,
-- J.F. Schreiber editeur,
Date of publication, distribution, etc. 1933.
300 ## - PHYSICAL DESCRIPTION
Extent 9 p., XXX p.pl. :
Other physical details ill. ;
Dimensions 33 cm.
440 #0 - SERIES STATEMENT/ADDED ENTRY--TITLE
Title Le règne Animal
500 ## - GENERAL NOTE
General note Ouvrage spécialement destiné à l'enseignement public et privé
650 14 - SUBJECT ADDED ENTRY--TOPICAL TERM
Topical term or geographic name entry element Zoology
General subdivision Mammals
650 14 - SUBJECT ADDED ENTRY--TOPICAL TERM
Topical term or geographic name entry element Informative books
General subdivision Images
942 ## - ADDED ENTRY ELEMENTS (KOHA)
Source of classification or shelving scheme Universal Decimal Classification
Koha item type Գրքեր / Books
Holdings
Withdrawn status Lost status Source of classification or shelving scheme Damaged status Not for loan Collection Home library Current library Date acquired Total checkouts Full call number Barcode Date last seen Price effective from Koha item type Public note
    Universal Decimal Classification     Zhamkochyan Individual collection Fundamental Scientific Library Fundamental Scientific Library 26/08/2025   Jamk/1209 FL0694729 10/09/2025 10/09/2025 Գրքեր / Books ILL Non-Circ.


ՀՀ ԳԱԱ հիմնարար գիտական գրադարան
ՀՀ,Երևան 0019
Մարշալ Բաղրամյան 24/6
հեռախոս:(374-10) 52-47-50
Հետադարձ կապ

All site content, except where otherwise noted, is licensed under a
Creative Commons License